How Many Micro European Countries Can You Name In 15 Seconds - Statistics

General Stats
  • This quiz has been taken 639 times
    594 since last reset
  • The average score is 4 of 7
Answer Stats
Countries % Correct
Andorra
72%
Vatican City
71%
Monaco
66%
San Marino
65%
Malta
47%
Liechtenstein
43%
Luxembourg
43%
No matching quizzes found
Score Distribution
Percent of People with Each Score
Percentile by Number Answered
Your Score History
You have not taken this quiz since the last reset